Oralidad y polifonía en la obra de Juan Goytisolo

Gespeichert in:
Bibliographische Detailangaben
Hauptverfasser: Gómez Mata, Marta (VerfasserIn), Silió Cervera, César (VerfasserIn)
Format: Buch
Sprache:Spanisch
Veröffentlicht: Madrid Júcar 1994
Schriftenreihe:Ensayos
Schlagworte:
Tags: Tag hinzufügen
Keine Tags, Fügen Sie den ersten Tag hinzu!

MARC

LEADER 00000nam a2200000 a 4500
001 UCM2456
003 CL-VaPUC
008 020510e19940000SP |||||||||||||||||spa|d
082 0 4 |a 863.9  |b GOM  |2 21 
100 0 |a Gómez Mata, Marta  |e author  |9 469212 
700 0 |a Silió Cervera, César  |e author  |9 469213 
245 1 0 |a Oralidad y polifonía en la obra de Juan Goytisolo 
300 |a 194 p 
942 |c BK 
945 |d 20020510 00:00:00  |a cmena 
260 |a Madrid  |b Júcar  |c 1994 
650 7 |a NOVELA ESPAÑOLA  |2 CL-VaPUC  |9 313139 
650 0 |a Crítica e interpretación   |9 255042 
650 0 |a Literatura española  |9 306261 
583 |a last modification  |c 20020510 00:00:00  |k Rodrigo Vera 
490 0 |a Ensayos 
999 |c 300299  |d 300297 
952 |0 0  |1 0  |4 0  |6 863_900000000000000_GOM_1994  |7 0  |8 A  |9 357902  |a FDOPOS  |b FDOPOS  |d 2019-11-21  |i 3172953  |o 863.9 GOM 1994  |p 3172953  |r 2025-01-22  |w 2019-11-21  |y BK  |k MLH